Comuni della Lombardia - Quiz n°2 - Statistics

Statistiche generali
  • Questo quiz è stato fatto 11 volte
  • Il punteggio medio è 55 su 269
Statistiche sulle risposte
Provincia Comune % Corretto
Brescia
90%
Mantova
80%
Salò
80%
Asola
60%
Desenzano del Garda
60%
Edolo
60%
Lumezzane
60%
Suzzara
60%
Travagliato
60%
Adro
50%
Carpenedolo
50%
Castiglione delle Stiviere
50%
Darfo Boario
50%
Gussago
50%
Iseo
50%
Rovato
50%
Agnosine
40%
Bagnolo Mella
40%
Castel Mella
40%
Castenedolo
40%
Concesio
40%
Gambara
40%
Gavardo
40%
Montichiari
40%
Nave
40%
Nuvolento
40%
Rudiano
40%
Sabbio Chiese
40%
Sirmione
40%
Verolanuova
40%
Vobarno
40%
Brescia Acquafredda
30%
Mantova Acquanegra sul Chiese
30%
Alfianello
30%
Anfo
30%
Angolo Terme
30%
Barghe
30%
Bassano Bresciano
30%
Berzo Demo
30%
Berzo Inferiore
30%
Bienno
30%
Bione
30%
Botticino
30%
Bovezzo
30%
Calcinato
30%
Capriolo
30%
Casto
30%
Dello
30%
Esine
30%
Flero
30%
Isorella
30%
Lonato del Garda
30%
Manerbio
30%
Marmirolo
30%
Monzambano
30%
Nuvolera
30%
Odolo
30%
Orzinuovi
30%
Orzivecchi
30%
Ospitaletto
30%
Ostiglia
30%
Padenghè sul Garda
30%
Palazzolo sull'Oglio
30%
Paratico
30%
Pegognaga
30%
Ponte di Legno
30%
Pontevico
30%
Pontoglio
30%
Quistello
30%
Rezzato
30%
Roncadelle
30%
Sabbioneta
30%
San Benedetto Po
30%
San Giorgio Bigarello
30%
Toscolano Maderno
30%
Verolavecchia
30%
Visano
30%
Volta Mantovana
30%
Artogne
20%
Azzano Mella
20%
Bagolino
20%
Barbariga
20%
Bedizzole
20%
Borgo Mantovano
20%
Borgo San Giacomo
20%
Borgosatollo
20%
Borgo Virgilio
20%
Borno
20%
Bovegno
20%
Brandico
20%
Braone
20%
Breno
20%
Brione
20%
Caino
20%
Calvagese della Riviera
20%
Calvisano
20%
Capovalle
20%
Capriano del Colle
20%
Castegnato
20%
Castel Goffredo
20%
Castellucchio
20%
Castrezzato
20%
Cellatica
20%
Ceto
20%
Cigole
20%
Coccaglio
20%
Collebeato
20%
Corteno Golgi
20%
Gargnano
20%
Gazoldo degli Ippoliti
20%
Gazzuolo
20%
Ghedi
20%
Goito
20%
Gottolengo
20%
Guidizzolo
20%
Idro
20%
Incudine
20%
Leno
20%
Limone sul Garda
20%
Lozio
20%
Mairano
20%
Malonno
20%
Manerba del Garda
20%
Marcaria
20%
Mariana Mantovana
20%
Marone
20%
Mazzano
20%
Medole
20%
Monte Isola
20%
Muscoline
20%
Niardo
20%
Paderno Franciacorta
20%
Paitone
20%
Pavone del Mella
20%
Pisogne
20%
Polpenazze del Garda
20%
Pompiano
20%
Porto Mantovano
20%
Prevalle
20%
Provaglio d'Iseo
20%
Quingentole
20%
Rodengo-Saiano
20%
Rodigo
20%
Roè Volciano
20%
Roncoferraro
20%
Sale Marasino
20%
San Paolo
20%
Sarezzo
20%
Sermide e Felonica
20%
Soiano del Lago
20%
Sulzano
20%
Temù
20%
Trenzano
20%
Treviso Bresciano
20%
Vestone
20%
Viadana
20%
Villanuova sul Clisi
20%
Zone
20%
Bagnolo San Vito
10%
Borgocarbonara
10%
Bozzolo
10%
Canneto sull'Oglio
10%
Capo di Ponte
10%
Casalmoro
10%
Casaloldo
10%
Castelcovati
10%
Cavriana
10%
Cazzago San Martino
10%
Cedegolo
10%
Cerveno
10%
Cevo
10%
Cimbergo
10%
Collio
10%
Cologne
10%
Comezzano-Cizzago
10%
Corte Franca
10%
Curtatone
10%
Dosolo
10%
Fiesse
10%
Gianico
10%
Gonzaga
10%
Irma
10%
Lavenone
10%
Lodrino
10%
Brescia Lograto
10%
Longhena
10%
Losine
10%
Maclodio
10%
Magasa
10%
Malegno
10%
Marcheno
10%
Marmentino
10%
Milzano
10%
Moniga del Garda
10%
Monno
10%
Monticelli Brusati
10%
Montirone
10%
Mura
10%
Offlaga
10%
Ome
10%
Ono San Pietro
10%
Ossimo
10%
Paisco Loveno
10%
Paspardo
10%
Passirano
10%
Pertica Alta
10%
Pertica Bassa
10%
Pezzaze
10%
Pian Camuno
10%
Piancogno
10%
Piubega
10%
Poggio Rusco
10%
Polaveno
10%
Pomponesco
10%
Poncarale
10%
Ponti sul Mincio
10%
Pozzolengo
10%
Pralboino
10%
Preseglie
10%
Provaglio Val Sabbia
10%
Puegnago del Garda
10%
Quinzano d'Oglio
10%
Redondesco
10%
Remedello
10%
Rivarolo Mantovano
10%
Roccafranca
10%
Roverbella
10%
San Felice del Benaco
10%
San Gervasio Bresciano
10%
San Zeno Naviglio
10%
Saviore dell'Adamello
10%
Sellero
10%
Seniga
10%
Serravalle a Po
10%
Solferino
10%
Brescia Sonico
10%
Sustinente
10%
Tavernole sul Mella
10%
Tignale
10%
Torbole Casaglia
10%
Tremosine sul Garda
10%
Urago d'Oglio
10%
Vallio Terme
10%
Valvestino
10%
Vezza d'Oglio
10%
Villa Carcina
10%
Villachiara
10%
Vione
10%
Berligno
0%
Casalromano
0%
Castelbelforte
0%
Castel d'Ario
0%
Ceresara
0%
Chari
0%
Cividate Clitunno
0%
Commessaggio
0%
Corzano
0%
Erbrusco
0%
Gardone Rivera
0%
Gardone Val Ttrmpia
0%
Magnacavallo
0%
Moglia
0%
Motteggiana
0%
San Giacomo delle Segnate
0%
San Giovanni del Dosso
0%
San Martino dall'Argine
0%
Schivenoglia
0%
Serte
0%
Villimpenta
0%
Nessun quiz corrispondente trovato
Distribuzione punteggi
Percentuale di utenti per punteggio
Percentile per numero di risposta
I tuoi punteggi nel tempo
Non hai fatto questo quiz